书目信息 |
| 题名: |
天文·时间·历法
|
|
| 作者: | 李芝萍 , 贾焕阁 编著 | |
| 分册: | ||
| 出版信息: | 北京 气象出版社 2011.5 |
|
| 页数: | 382页 | |
| 开本: | 19cm | |
| 丛书名: | ||
| 单 册: | ||
| 中图分类: | P1-49 , P19-49 | |
| 科图分类: | ||
| 主题词: | 天文学--普及读物 , 时间学--普及读物 , 历法--普及读物 | |
| 电子资源: | ||
| ISBN: | 978-7-5029-5218-1 | |
| 000 | 01285nam0 2200301 45 | |
| 001 | 516 | |
| 005 | 20120604093222.65 | |
| 010 | @a978-7-5029-5218-1@dCNY32.00 | |
| 100 | @a20120328d2011 em y0chiy50 ea | |
| 101 | 0 | @achi |
| 102 | @aCN@b110000 | |
| 105 | @ay z 000yy | |
| 106 | @ar | |
| 200 | 1 | @a天文·时间·历法@ATian Wen· Shi Jian· Li Fa@d= Astronomy/time/calendar@f李芝萍,贾焕阁编著@FLi Zhi Ping, Jia Huan Ge Bian Zhu@zeng |
| 205 | @a2版 | |
| 210 | @a北京@c气象出版社@d2011.5 | |
| 215 | @a382页@c图@d19cm | |
| 330 | @a本书从天文、时间、历法三个方面全面介绍了与时间相关的知识常识,天文篇介绍了天球、星座、星等等天文基础知识,太阳系主要星体以及与时间相关的一些天外现象;时间篇介绍了时差、时区、日界线,计时系统和工具的发展和使用,时间的传送和应用以及与时间相关的一些自然现象等;历法篇介绍了世界上几种典型历法的发展、沿革和应用、我国农历和一些少数民族历法,并且解答了黄道吉日、黑色星期五、2012世界末日说等人们普遍关心的问题。 | |
| 510 | 1 | @aAstronomy/time/calendar@zeng |
| 606 | 0 | @a天文学@j普及读物 |
| 606 | 0 | @a时间学@j普及读物 |
| 606 | 0 | @a历法@j普及读物 |
| 690 | @aP1-49@v4 | |
| 690 | @aP19-49@v4 | |
| 701 | 0 | @a李芝萍@ALi Zhi Ping@4编著 |
| 701 | 0 | @a贾焕阁@AJia Huan Ge@4编著 |
| 801 | 0 | @aCN@bTSTCL@c20120328 |
| 905 | @b0814553-59@dP1-49@e149=2@f7 | |
| 天文·时间·历法= Astronomy/time/calendar/李芝萍,贾焕阁编著.-2版.-北京:气象出版社,2011.5 |
| 382页:图;19cm |
| ISBN 978-7-5029-5218-1:CNY32.00 |
| 本书从天文、时间、历法三个方面全面介绍了与时间相关的知识常识,天文篇介绍了天球、星座、星等等天文基础知识,太阳系主要星体以及与时间相关的一些天外现象;时间篇介绍了时差、时区、日界线,计时系统和工具的发展和使用,时间的传送和应用以及与时间相关的一些自然现象等;历法篇介绍了世界上几种典型历法的发展、沿革和应用、我国农历和一些少数民族历法,并且解答了黄道吉日、黑色星期五、2012世界末日说等人们普遍关心的问题。 |
| ● |
| 相关链接 |
|
|
|
|
正题名:天文·时间·历法
索取号:P1-49/149=2
 
预约/预借
| 序号 | 登录号 | 条形码 | 馆藏地/架位号 | 状态 | 备注 |
| 1 | 0814553 | 208145531 | 第二样本阅览室/ [索取号:P1-49/149=2] | 在馆 | |
| 2 | 0814554 | 208145540 | 第三借阅区/ [索取号:P1-49/149=2] | 在馆 | |
| 3 | 0814555 | 208145559 | 第三借阅区/ [索取号:P1-49/149=2] | 在馆 | |
| 4 | 0814556 | 208145568 | 第三借阅区/ [索取号:P1-49/149=2] | 在馆 | |
| 5 | 0814557 | 208145577 | 第三借阅区/ [索取号:P1-49/149=2] | 在馆 | |
| 6 | 0814558 | 208145586 | 第三借阅区/ [索取号:P1-49/149=2] | 在馆 | |
| 7 | 0814559 | 208145595 | 第三借阅区/ [索取号:P1-49/149=2] | 在馆 |